00269nam a2200109Ia 4500008004100000100002600041245003700067260002000104650001300124942000700137999001500144190216s9999||||xx |||||||||||||| ||und|| aGoyal Sp-Mehrotra H C 0aWealth Tax And Central Sales Tax bSahithya Bhavan aCommerce cBK c5865d5865